• 首页
  • 本馆介绍
  • 公告通知
  • 最新文献
  • 馆藏检索
  • 电子资源
  • 读者荐购
  • 参考咨询
  • CALIS
  • 我的图书馆
  • 登录
  • 详细信息显示
  • 放入我的书架
  • 预约/预借图书
  • 作者相关作品
  • 分类相关作品
  • 丛书相关作品
  • 出版社相关作品

书目信息

  • 表格格式
  • 工作单格式
  • 卡片格式
题名:
国土资源管理人员必备
    
 
作者: 石文玉 , 唐世力 编著
分册:  
出版信息: 北京   中国大地出版社  2001.01
页数: 348页
开本: 18cm
丛书名:
单 册:
中图分类: F321.1
科图分类:
主题词: 农业经济--中国
电子资源:
ISBN: 7-80097-424-3
 
 
 
 
 
000 00635nam0 2200205 45
001 0435654953
005 2004061009541488
010    @a7-80097-424-3@dCNY 18.00
100    @a20040610d2001 km y0chiy0120 ea
101 0  @achi
102    @aCN@b110000
200 1  @a国土资源管理人员必备@AGuo Tu Zi Yuan Guan Li Ren Yuan Bi Bei@f石文玉,唐世力编著@FShi Wen Yu,Tang Shi Li Bian Zhu
210    @a北京@c中国大地出版社@d2001.01
215    @a348页@d18cm
606 0  @a农业经济@x中国
690    @aF321.1@v3
701  0 @a石文玉@AShi Wen Yu@4编著
701  0 @a唐世力@ATang Shi Li@4编著
801  0 @aCN@bPFT@c20040610
905    @a安徽大学@dF321.1@eS545
    
    国土资源管理人员必备/石文玉,唐世力编著.-北京:中国大地出版社,2001.01
    348页;18cm
    
    
    ISBN 7-80097-424-3:CNY 18.00
    
●
相关链接 在E读中查询图书 在当当中查询图书 在豆瓣中查询图书


正题名:国土资源管理人员必备     索取号:F321.1/S545         预约/预借

序号 登录号 条形码 馆藏地/架位号 状态 备注
1 379280   203792805   社科库409/400A自科库 8排2列4层/ [索取号:F321.1/S545] 在馆    
2 379281   203792814   社科库409/409社科库 33排2列2层/ [索取号:F321.1/S545] 在馆    
3 379282   203792823   社科库409/409社科库 33排2列2层/ [索取号:F321.1/S545] 在馆    
河南城建学院图书馆 欢迎您!
大连网信软件有限公司© 版权所有